000 00652nam a22001457a 4500
020 _a978-1-4169-0846-3
082 _a823
_bDIX/H
100 _aDIXON, FRANKLIN W
245 _aTHE HARDY BOYS - TOP TEN WAYS TO DIE
260 _aNEW YORK
_bALADDIN PAPERBACKS
_c2006
300 _a169
520 _aAfter accomplishing an ATAC mission in Time Square, New York, Frank Hardy and Joe Hardy were sent by ATAC to the shooting location of Vee Sharp's latest music video and to work there as a production assistant. It is because Vee was receiving a series of death threats entitled "Top Ten Ways To Die".
650 _aMYSTERY STORY
_zUNITED STATES
942 _cBK
999 _c7758
_d7758